Univerzálny register Slovenskej republiky

Univerzálny register SR je internetová aplikácia, ktorá obsahuje všetky právnické a fyzické subjekty registrované v Obchodnom registri SR, Živnostenskom registri SR, v registri Evidencie úpadcov a ostatné neziskové organizácie. Výstupy Univerzálneho registra SR. Register je budovaný ako "pozitívny"...

Description complète

Enregistré dans:
Détails bibliographiques
Auteur principal: Devínsky, Miro
Autres auteurs: Sopira, Branislav
Format: Chapitre de livre
Langue:slovaque
Sujets:
Tags: Ajouter un tag
Pas de tags, Soyez le premier à ajouter un tag!

MARC

LEADER 00000naa$a2200000$$$4500
001 0023953
005 20230825102820.6
041 0 |a slo 
044 |a SK 
245 1 0 |a Univerzálny register Slovenskej republiky  |c Miro Devínsky, Branislav Sopira 
520 |a Univerzálny register SR je internetová aplikácia, ktorá obsahuje všetky právnické a fyzické subjekty registrované v Obchodnom registri SR, Živnostenskom registri SR, v registri Evidencie úpadcov a ostatné neziskové organizácie. Výstupy Univerzálneho registra SR. Register je budovaný ako "pozitívny" register, všetky spoločnosti a firmy, o ktorých register hovorí aktívne dopĺňajú a upresňujú informácie nachádzajúce sa v databáze registra. Výhody a prednosti univerzálneho registra. Referencie. Podmienky užívateľského prístupu do databázy, exportu databázy, importu databázy do vlastného systému. Zdroj údajov o firmách v SR. 
610 2 0 |a osoby fyzické 
610 2 0 |a osoby právnické 
610 2 0 |a podnikatelia 
610 2 0 |a živnostníci 
610 2 0 |a partneri obchodní 
610 2 0 |a Slovensko 
100 1 |a Devínsky, Miro 
700 1 |a Sopira, Branislav